MDQL
is popping MORE tags! Check the
thread
!
Quizzes
Events
Quiz Creation
Community
Videos
Private Events
Remove Ads
Sign In
Join for FREE
Feedback
Dark Mode
Quiz Categories
Sports
Geography
Music
Movies
Television
Just For Fun
Miscellaneous
History
Literature
Language
Science
Gaming
Entertainment
Religion
Holiday
For Kids
Quiz Lab
Recent
Popular Today
Quiz Kudos Today
Editor Picks
Curator Picks
Quizzes by...
Day
Popularity
Type
Ratings
Length
Year
Community
Subscriptions
Recent Discussions
Orange Saloon
Badges
Playlists
Quests
Create
Leaderboards
Showdown
Live 5
Trivia Bingo
Activity
Puzzle Library
Sporcle Events
Private Events
Virtual Trivia
Globe League
Become a Host
Pub Owners
SporcleCon
Opinionation
Our Games
Videos
Blog
Mobile Apps
Partnerships
Remove Ads and Go Orange
Feedback
Literature
Harry Potter
A Song of Ice and Fire
The Hunger Games
Literary Character
Shakespeare
Book
Author
Novel
Poem
Young Adult
Children's Books
Play
Lord of the Rings
Literature
Harry Potter
A Song of Ice and Fire
The Hunger Games
Literary Character
Shakespeare
Book
Author
Novel
Poem
Young Adult
Children's Books
Play
Lord of the Rings
Random Quiz
Search Sporcle
×
Quiz Lab
Quiz Lab
Literature
Author
Type in answers that appear in a list
Type in answers that appear in a list
Classic
Best Score? Go Orange.
Super Ultimate Literature by Characters!!! Stats
Can you name the Super Ultimate Literature by Characters!!!?
By
gvilleguy1124
15m
100 Questions
360 Plays
360 Plays
360 Plays
Comments
Comments
Give Quiz Kudos
Give Quiz Kudos
-
- Ratings
hide this ad
Forced Order
Answers have to be entered in order
Answers have to be entered in order
Random Order
Randomize order of answers
Randomize order of answers
Replay
Link that replays current quiz
Next Quiz
Link to next quiz in quiz playlist
You Got
0%
They Got
Avg Score
35%
Avg Friend Score
Upgrade to see
Score Distribution
Jump to the score distribution portion of the page
Score
0/100
Timer
15:00
0
Plays Today
Characters
Novel/Play
% Correct
White Rabbit, Cheshire Cat, Queen of Hearts
Alice's Adventures in Wonderland
87.2%
Ron Weasley, Hermione Granger, Albus Dumbledore
Harry Potter and the Sorcerer's Stone
85.8%
Dorothy Gale, Tin Man, Wicked Witch of the West
The Wonderful Wizard of Oz
82.8%
Elizabeth Bennet, Fitzwilliam Darcy, George Wickham
Pride and Prejudice
80.8%
Mowgli, Baloo, Kaa
The Jungle Book
78.3%
Bilbo Baggins, Gandalf, Smaug
The Hobbit
77.8%
Josephine 'Jo' March, Amy March, Laurie
Little Women
75.6%
Willy Wonka, Veruca Salt, Augustus Gloop
Charlie and the Chocolate Factory
75.3%
Piglet, Eeyore, Kanga
Winnie-the-Pooh
70.3%
Lucy Pevensie, Aslan, White Witch
The Lion, the Witch and the Wardrobe
69.7%
Mercutio, Tybalt, Friar Lawrence
Romeo and Juliet
67.2%
Atticus Finch, Scout Finch, Boo Radley
To Kill a Mockingbird
66.9%
Heathcliff, Catherine Earnshaw, Edgar Linton
Wuthering Heights
65.6%
Scarlett O'Hara, Rhett Butler, Ashley Wilkes
Gone with the Wind
62.8%
Jean Valjean, Fantine, Cosette
Les Miserables
60.3%
Ishmael, Elijah, Ahab
Moby-Dick
60%
Nick Carraway, Daisy Buchanan, Myrtle Wilson
The Great Gatsby
59.7%
Winston Smith, Julia, Big Brother
1984
59.4%
Jim, The Duke, Tom Sawyer
Adventures of Huckleberry Finn
59.2%
Athos, Porthos, D'Artagnan
The Three Musketeers
58.3%
Dante, Virgil, Satan
The Divine Comedy
56.4%
Claudius, Ophelia, Polunius
Hamlet
56.1%
Holden Caulfield, Sally Hayes, Phoebe
The Catcher in the Rye
55.3%
Napoleon, Snowball, Boxer
Animal Farm
53.6%
Mr. Bumble, The Artful Dodger, Fagin
Oliver Twist
51.7%
Ralph, Piggy, Simon
Lord of the Flies
50.8%
Edward Rochester, Helen Burns, Blanche Ingram
Jane Eyre
49.7%
Eliza Doolittle, Henry Higgins, Colonel Pickering
Pygmalion
49.2%
Jonathan Harker, Wilhelmina 'Mina' Murray, Abraham Van Helsing
Dracula
48.6%
Desdemona, Iago, Cassio
Othello
48.1%
Sancho Panza, Rocinante, Dulcinea del Toboso
Don Quixote
46.4%
Captain Flint, Jim Hawkins, Abraham Gray
Treasure Island
43.9%
Wilbur, Fern Arable, Templeton
Charlotte's Web
43.1%
Hester Prynne, Pearl, Arthur Dimmesdale
The Scarlet Letter
41.1%
Characters
Novel/Play
% Correct
Hercule Poirot, Edward Henry Masterman, Greta Ohlsson
Murder on the Orient Express
40.3%
Raskolnikov, Sonya, Porfiry Petrovich
Crime and Punishment
40.3%
George Milton, Lennie Small, Curley
Of Mice and Men
39.7%
Achilleus, Hektor, Priam
The Iliad
39.4%
Captain Nemo, Professor Pierre Aronnax, Ned Land
20,000 Leagues Under the Sea
39.2%
Robert Langdon, Sophie Neveu, Silas
The Da Vinci Code
38.3%
Humbert Humbert, Charlotte Haze, Dolores
Lolita
38.1%
Wife of Bath, Pardoner, Nun's Priest
The Canterbury Tales
37.5%
Mr, Knightley, Harriet Smith, Frank Churchill
Emma
36.9%
Maxim de Winter, Mrs. Danvers, Jack Favell
Rebecca
36.7%
Blanche Dubois, Stanley Kowalski, Mitch
A Streetcar Named Desire
36.4%
Captain Walton, Elizabeth, The Monster
Frankenstein
35.6%
Satan, Adam, Eve
Paradise Lost
35.3%
Oliver Mellors, Clifford Chatterley, Mrs. Bolton
Lady Chatterley's Lover
35%
Gilbert Blythe, Marilla Cuthbert, Diana Barry
Anne of Green Gables
34.4%
John Yossarian, Captain Aardvark, Chaplain Tappman
Catch-22
34.2%
Tom Joad, Ma Joad, Jim Casy
The Grapes of Wrath
33.9%
Willy Loman, Biff, Happy
Death of a Salesman
32.2%
Arthur Dent, Ford Prefect, Trillian
The Hitchhiker's Guide to the Galaxy
31.1%
Gregor Samsa, Grete, Mr. Samsa
The Metamorphosis
31.1%
Offred, The Commander, Serena Joy
The Handmaid's Tale
30%
Jack Torrance, Wendy Torrance, Dick Hallorann
The Shining
29.7%
Leopold Bloom, Nora Bloom, Stephen Dedalus
Ulysses
28.6%
Santiago, Manolin, The Marlin
The Old Man and the Sea
28.6%
Mary Lennox, Dickon Sowerby, Colin Craven
The Secret Garden
28.1%
Charles Darnay, Lucie Manette, Madame Therese Defarge
A Tale of Two Cities
26.9%
John Proctor, Abigail Williams, Giles Corey
The Crucible
26.9%
Charlie Marlow, Kurtz, The Intended
Heart of Darkness
25.6%
Amelia Sedley, Becky Sharp, Rawdon Crawley
Vanity Fair
25%
Aeneas, Dido, Lavinia
The Aeneid
24.2%
Billy Pilgrim, Kilgore Trout, Montana Wildhack
Slaughterhouse-Five
23.9%
Guy Montag, Faber, Clarisse
Fahrenheit 451
22.5%
Basil Hallward, Lord Henry 'Harry' Wotton, Sibyl Vane,
The Picture of Dorian Gray
21.9%
Celie, Nettie, Mister
The Color Purple
21.7%
Characters
Novel/Play
% Correct
Jocasta, Laius, Tiresias
Oedipus the King
21.4%
John Durbeyfield, Angel Clare, Alec,
Tess of the d'Urbervilles
20.8%
Jose Arcadio Buendia, Ursula Iguaran, Rebeca
One Hundred Years of Solitude
20%
Griet, Vermeer, Catharina
Girl with a Pearl Earring
19.7%
Magua, Chingachgook, Cora Munro
The Last of the Mohicans
19.2%
Rabbit, Mim, Janice Angstrom
Rabbit, Run
16.7%
John the Savage, Bernard Marx, Lenina Crowne
Brave New World
16.1%
Cunegonde, Pangloss, The Old Woman
Candide
15.6%
Alan Grant, Ellie Sattler, John Hammond
Jurassic Park
15.3%
Charles Ryder, Lord Sebastian Flyte, Anthony Blanche
Brideshead Revisited
15.3%
Lucy Honeychurch, Cecil Vyse, George Emerson
A Room with a View
14.4%
Eliza, Eva, Simon Legree
Uncle Tom's Cabin
14.2%
Arthur, Lancelot, Merlyn
The Once and the Future King
13.6%
Sethe, Denver, Paul D
Beloved
12.5%
Newland Archer, May Welland, Ellen Olenska
The Age of Innocence
12.5%
Emma, Charles, Leon Dupuis
Madame Bovary
10.8%
James Ramsay, Mrs. Ramsay, Lily Briscoe,
To the Lighthouse
10.3%
Dagny Taggart, Hank Rearden, Wesley Mouch
Atlas Shrugged
10%
Tom Wingfield, Amanda, Laura
The Glass Menagerie
9.7%
Buck, Spitz, Thornton
The Call of the Wild
9.4%
Alex, Georgie, Pete
A Clockwork Orange
9.4%
Jack Jackson, Tom Builder, Prior Philip
The Pillars of the Earth
7.8%
Jason Compson III, Caroline Bascomb Compson, Quentin Compson III
The Sound and the Fury
6.7%
Mama, Walter Lee, Beneatha
A Raisin in the Sun
6.4%
Miles, Flora, Mrs. Grose
The Turn of the Screw
5.8%
Gene, Finny, Brinker Hadley
A Separate Peace
5.6%
Dunstan Cass, Eppie, Nancy Lammeter
Silas Marner
4.7%
Lily Owens, Rosaleen, August
The Secret Life of Bees
4.4%
Frederic Henry, Catharine Barkley, Rinaldi
A Farewell to Arms
4.4%
Janie Crawford, Nanny, Leafy
Their Eyes Were Watching God
4.2%
Mattie, Zeena, The Cat
Ethan Frome
4.2%
Jim Burden, Anton Cuzak, Lena Lingard
My Antonia
2.8%
Quiz Playlist
Details
Report
Send in Message
Add To Playlist
Classic:
Type in answers that appear in a list
Forced Order:
Answers have to be entered in order
Random Order:
Randomize order of answers
Last Updated: Feb 16, 2017
Quiz Scoreboard
CHALLENGE
Sign Up to Join the Scoreboard
Show All
Scores
Hide
Comments
May contain spoilers
Recently Published
Image Sorting: Flags VI
by Barbecue
Geography
2m
Find the 'City' Movie
by crazypaving
Movies
60s
5x2 Blitz: Bands
by SL_Kpop136
Music
30s
More to Explore
Quiz From the Vault
Featured Blog Post
14 Easter Pick-up Lines to Find Eggs With
hide this ad
You Might Also Like...
Tags
Author Quiz
Novel Quiz
Play Quiz
Character
ultimate
Today's Top Quizzes in Literature
Browse Literature
hide this ad
Today's Top Quizzes in Author
Browse Author
Top Contributed Quizzes in Literature
1
Sneaky Slytherin Logic Puzzle
2
Harry Potter logic puzzle: The Hogwarts Soap Opera
3
Harry Potter Slytherin Logic Puzzle
4
Get The Picture: Black or White Literature
5
ASOIAF Siblings Logic Puzzle
6
'Middle' Earth
7
A Song of Ice and Fire Logic Puzzle
8
Harry Potter Logic Puzzle 1
9
Logic Puzzle: Avoid Dumbledore's Army
10
Mini Trivia Sudoku: A Song of Ice and Fire
Explore More
Trending Topics
Anime
Disney
NBA
Marvel
Kpop
Harry Potter
Crossword
Puzzle
Pokémon
Country
WWE
Soccer
NFL
The Office
Song
hide this ad
More By:
gvilleguy1124
Quiz
Plays
Rating
Category
Featured
Created
100 Books, 100 Authors
64,424
4.54
Literature
Oct 15, 2011
Every Single Oscar Winning Actress Ever!
23,441
4.59
Movies
Mar 20, 2012
Lip Sync for Your Life Minefield
11,373
3.25
Television
Jan 7, 2017
ASOIAF Top 100 Characters
6,023
4.80
Literature
Jul 23, 2014
Oscar Best Actress Nominees (1960-2011)
3,042
4.80
Movies
Feb 28, 2012
Go to Creator's Profile
Score Distribution
Quiz Creator Spotlight
gvilleguy1124
Follow
Send a Message
Quizzes Created
-
Created Quiz Play Count
-
More By This Creator
Popular Quizzes Today
1
Colored Red Africa Blitz
2
Find the US States - No Outlines Minefield
3
Find the 'City' Movie
4
5x2 Blitz: Bands
5
The Countries of the World
6
Find the US States
7
Find the Countries of Europe - No Outlines Minefield
8
US States
More Literature Quizzes
33 Animals, 33 Books
Published
Trending Quizzes
Colored Red Europe Blitz I
Colored Red Europe Blitz II
Colored Red Africa Blitz II
Colored Red Europe Blitz III
Colored Red Africa Blitz III
Recently Updated
How Do You Spell That?
pecheneg
Godzilla Movies
pecheneg
Grab Bag: 4-10 Letters
pecheneg
2024 March Madness Bracket
pecheneg
Famous TV Couples
Peacemaker
Champions League XIs: Real Madrid
pecheneg
Largest US Cities 1790-2010
pecheneg
Rides in Walt Disney World
pecheneg
Most Oscar Losses (Acting)
pecheneg
Beyoncé Albums
pecheneg
Trending Topics
Disney
NBA
Anime
Kpop
Marvel
Harry Potter
Crossword
NFL
Puzzle
Pokémon
Song
Soccer
The Office
Country
WWE
Your Account Isn't Verified!
In order to create a playlist on Sporcle, you need to verify the email address you used during registration. Go to your
Sporcle Settings
to finish the process.
Report this User
Report this user for behavior that violates our
Community Guidelines
.
Details:
Send Report
Go to the Sporcle.com Mobile Site →
Comments